000 01273nam a2200289Ia 4500
005 20220317000945.0
008 160825s2007 sp a g 000 0 spa
020 _a97884873307012
082 0 4 _a792.82
_bV31a
100 1 _aViciana Garófano, Virginia
245 1 4 _aLas actividades coreográficas en la escuela
_bdanzas, bailes, funky, gimnasia-jazz
_cVirginia Viciana Garófano, Milagros Arteaga Checa ; ilustraciones José Alberto López
250 _a4a. edición
300 _a243 páginas
_bilustraciones
_c24 cm
490 _aColección educación física
505 _aFundamentos teóricos ; Fundamentos rítmicos en el tratamiento de las propuestas coreográficas ; Intervención educativa en el tratamiento de las propuestas coreográficas ; Actividades coreográficas:danzas creativas
650 1 4 _2LEMB
_aCoreografía
_xEnseñanza elemental
650 1 4 _2LEMB
_aDanza
_xEnseñanza elemental
650 1 4 _2LEMB
_aExpresión corporal
700 1 _aArteaga Checa, Milagros
_910635
700 1 _aLópez, José Alberto
_963597
942 _2ddc
_cBK
264 _aBarcelona
_bINDE
_c2007
336 _atexto
_btxt
_2rdacontent
337 _asin mediación
_bn
_2rdamedia
338 _avolumen
_bnc
_2rdacarrier
040 _aCO-BoRNBP
_bspa
_erda
_cCO-BoRNBP
999 _c5516
_d5516